[Event "Women's Speed Chess Q5"]
[Site "chess.com INT"]
[Date "2021.06.04"]
[Round "4"]
[White "Linares Napoles, Oleiny"]
[Black "Nomin-Erdene, Davaademberel"]
[Result "0-1"]
[WhiteTitle "WGM"]
[BlackTitle "IM"]
[WhiteElo "2255"]
[BlackElo "2382"]
[WhiteFideId "3504794"]
[BlackFideId "4900782"]
[EventDate "2021.06.04"]

1. d4 f5 2. Bf4 Nf6 3. e3 e6 4. h3 d6 5. Nf3 Nc6 6. c4 Qe7 7. Nc3 g6 8. Be2 Bg7
9. O-O O-O 10. Rb1 h6 11. Bh2 e5 12. Nd5 Nxd5 13. cxd5 Nd8 14. dxe5 dxe5 15. Qb3
Kh7 16. Rbc1 c6 17. Rfd1 cxd5 18. Qxd5 Nc6 19. Bb5 Rd8 20. Qb3 Be6 21. Qa4 Bd7
22. Qa3 Qxa3 23. bxa3 a6 24. Bxc6 Bxc6 25. Nxe5 Be4 26. f3 Bd5 27. Rc7 Bxa2 28.
Rxd8 Rxd8 29. Rxb7 Rd1+ 30. Kf2 Rd2+ 31. Kg1 Rd1+ 32. Kf2 Rd2+ 33. Kg3 Kg8 34.
Rb8+ Kh7 35. Rb7 g5 36. h4 Kg8 37. Kh3 Be6 38. f4 g4+ 39. Kg3 Re2 40. Bg1 Bxe5
41. fxe5 Bd5 42. Rb8+ Kf7 43. Kf4 Be4 44. Rb7+ Ke6 45. Rb6+ Kf7 46. e6+ Kf6 47.
e7+ Kxe7 48. Ke5 Rxg2 49. Rxh6 Rxg1 50. Rh7+ Kd8 51. Kd6 Rd1+ 52. Ke5 g3 53. Rg7
g2 54. h5 g1=Q 55. h6 Qxg7+ 56. hxg7 Rg1 57. Kf6 Bd5 58. Kxf5 Rxg7 59. Ke5 Bc4
60. e4 Re7+ 61. Kd4 Bb5 62. e5 Kd7 63. Kd5 Re6 64. Kd4 Kc6 65. Ke4 Kc5 66. Kf5
Kd5 67. Kf4 Rxe5 68. Kg4 Ke4 69. Kh4 Rf5 70. Kg3 Rf4 71. a4 Bxa4 72. Kh3 Kf3 73.
Kh2 Kf2 74. Kh3 Bd7+ 75. Kh2 Rh4# 0-1

[Event "Women's Speed Chess Q5"]
[Site "chess.com INT"]
[Date "2021.06.04"]
[Round "4"]
[White "Kashlinskaya, Alina"]
[Black "Antolak, Julia"]
[Result "1/2-1/2"]
[WhiteTitle "IM"]
[BlackTitle "WIM"]
[WhiteElo "2494"]
[BlackElo "2309"]
[WhiteFideId "4198026"]
[BlackFideId "1159569"]
[EventDate "2021.06.04"]

1. d4 Nf6 2. c4 d6 3. Nf3 Nbd7 4. Nc3 e5 5. e4 g6 6. Be2 Bg7 7. O-O O-O 8. Be3
c6 9. Qd2 exd4 10. Nxd4 Re8 11. f3 d5 12. cxd5 cxd5 13. Ndb5 Nb6 14. Rad1 a6 15.
Nd4 dxe4 16. fxe4 Nxe4 17. Nxe4 Rxe4 18. Bf3 Nc4 19. Qd3 Nxe3 20. Qxe4 Nxf1 21.
Kxf1 Bd7 22. Qxb7 Rb8 23. Qa7 Qc8 24. b3 Bxd4 25. Qxd4 Bb5+ 26. Kg1 Qc2 27. Bd5
Rf8 28. a4 Bc6 29. h4 Bxd5 30. Qxd5 Rb8 31. h5 Qxb3 32. h6 Qxd5 33. Rxd5 f5 34.
Rd6 Ra8 35. Rd7 a5 36. Kf2 Rf8 37. Ra7 Rf7 38. Ra8+ Rf8 39. Rxa5 Kf7 40. Ra7+
Kf6 41. a5 Kg5 42. a6 Kxh6 43. Rb7 Rc8 44. a7 Rc2+ 45. Kg3 Ra2 46. Kh3 Ra4 47.
Kg3 g5 48. Kh3 Kg6 49. Rb6+ Kg7 50. Rb7+ Kg6 51. Rb6+ Kh5 52. Rb7 h6 53. Kg3
Ra3+ 54. Kf2 Kg4 55. g3 h5 56. Rb4+ f4 57. gxf4 gxf4 58. Rb7 Ra2+ 59. Kg1 Kg3
60. Rg7+ Kf3 61. Rb7 h4 62. Rb3+ Kg4 63. Rb7 h3 64. Kh1 Kg3 65. Rg7+ Kf3 66. Rb7
Kg4 67. Rg7+ Kh4 68. Rh7+ Kg3 69. Rg7+ Kf2 70. Rb7 f3 71. Rb2+ Rxb2 72. a8=Q Kg3
73. Qg8+ Kf2 74. Qg4 Rb1+ 75. Kh2 Rb3 76. Qd4+ Re3 77. Kxh3 Ke2 78. Qc4+ Ke1 79.
Qc1+ Ke2 80. Qc2+ Ke1 81. Qb1+ Ke2 82. Qc2+ Ke1 83. Qc1+ Ke2 84. Qc2+ 1/2-1/2

[Event "Women's Speed Chess Q5"]
[Site "chess.com INT"]
[Date "2021.06.04"]
[Round "5"]
[White "Cruz, Bitia"]
[Black "Head, Louise"]
[Result "0-1"]
[WhiteTitle "WCM"]
[BlackTitle "WFM"]
[WhiteElo "1582"]
[BlackElo "2090"]
[WhiteFideId "8400644"]
[BlackFideId "424773"]
[EventDate "2021.06.04"]

1. e4 c6 2. Nf3 d5 3. exd5 cxd5 4. d4 Nc6 5. Nc3 a6 6. Bd3 g6 7. a3 Bg7 8. Be3
Nh6 9. O-O Nf5 10. Qe2 O-O 11. Rae1 Re8 12. b4 Nfxd4 13. Nxd4 Nxd4 14. Bxd4 Bxd4
15. Nb1 Bd7 16. Kh1 Rc8 17. h4 e5 18. f3 Qxh4# 0-1

[Event "Women's Speed Chess Q5"]
[Site "chess.com INT"]
[Date "2021.06.04"]
[Round "5"]
[White "Pourkashiyan, Atousa"]
[Black "Zakirova, Aisha"]
[Result "1-0"]
[WhiteTitle "WGM"]
[BlackTitle "WCM"]
[WhiteElo "2322"]
[BlackElo "1585"]
[WhiteFideId "12502014"]
[BlackFideId "13719734"]
[EventDate "2021.06.04"]

1. e4 c5 2. Nf3 d6 3. d4 cxd4 4. Nxd4 Nf6 5. Nc3 Nc6 6. Bc4 e6 7. O-O Be7 8. Be3
O-O 9. Bb3 a6 10. f4 Bd7 11. Qf3 Nxd4 12. Bxd4 Bc6 13. Rae1 b5 14. a3 a5 15. Nd1
Qc7 16. Nf2 Qb7 17. Qg3 a4 18. Ba2 Rac8 19. c3 d5 20. e5 Ne4 21. Nxe4 dxe4 22.
f5 exf5 23. Rxf5 Bd5 24. Bxd5 Qxd5 25. e6 Qxf5 26. Qxg7# 1-0

[Event "Women's Speed Chess Q5"]
[Site "chess.com INT"]
[Date "2021.06.04"]
[Round "5"]
[White "Sliwicka, Alicja"]
[Black "Zhuravleva, Olga"]
[Result "1-0"]
[WhiteTitle "WIM"]
[BlackTitle "WIM"]
[WhiteElo "2308"]
[BlackElo "2278"]
[WhiteFideId "1150677"]
[BlackFideId "4145933"]
[EventDate "2021.06.04"]

1. e4 e5 2. Nf3 Nc6 3. Nc3 Nf6 4. a3 d5 5. Bb5 dxe4 6. Nxe5 Qd6 7. d4 exd3 8.
Bf4 Qc5 9. Nxd3 Qb6 10. Be3 Bg4 11. Qc1 1-0

[Event "Women's Speed Chess Q5"]
[Site "chess.com INT"]
[Date "2021.06.04"]
[Round "5"]
[White "Szente Varga, Fruzsina"]
[Black "Smietanska, Wiktoria"]
[Result "0-1"]
[WhiteTitle "WFM"]
[BlackTitle "CM"]
[WhiteElo "2100"]
[BlackElo "1802"]
[WhiteFideId "712264"]
[BlackFideId "21869359"]
[EventDate "2021.06.04"]

1. e4 c5 2. Nf3 d6 3. d4 cxd4 4. Qxd4 a6 5. c4 Nc6 6. Qe3 Nf6 7. Nc3 g6 8. h3
Bg7 9. Bd3 O-O 10. O-O Nd7 11. Rb1 a5 12. a3 Nc5 13. Bc2 a4 14. Rd1 Qa5 15. Nd5
Be6 16. Bd2 Qa6 17. Qe2 Bxd5 18. exd5 Na5 19. Bxa5 Qxa5 20. Qxe7 Qb6 21. Qh4
Rfe8 22. Ng5 h6 23. Nf3 Re2 24. Rd2 Rae8 25. Qf4 Nd3 26. Bxd3 Qxf2+ 27. Kh1
Qxg2# 0-1

[Event "Women's Speed Chess Q5"]
[Site "chess.com INT"]
[Date "2021.06.04"]
[Round "5"]
[White "Tsolakidou, Stavroula"]
[Black "Skuhala, Barbara"]
[Result "1-0"]
[WhiteTitle "IM"]
[BlackTitle "WFM"]
[WhiteElo "2379"]
[BlackElo "2077"]
[WhiteFideId "4264312"]
[BlackFideId "14605465"]
[EventDate "2021.06.04"]

1. e4 c5 2. Nf3 d6 3. Bb5+ Nd7 4. c3 a6 5. Bd3 Ngf6 6. O-O e5 7. Bc2 Be7 8. d4
O-O 9. Re1 b5 10. d5 Bb7 11. Nbd2 Rc8 12. Nf1 c4 13. Ng3 a5 14. Nf5 Re8 15. Bg5
Nf8 16. Nxe7+ Qxe7 17. Nh4 h6 18. Nf5 Qd8 19. Bxh6 gxh6 20. Nxh6+ Kg7 21. Nf5+
Kg8 22. Qd2 N6h7 23. Re3 Qf6 24. Rf3 Qh8 25. Nh6+ Kg7 26. Nxf7 Qg8 27. Qh6# 1-0

[Event "Women's Speed Chess Q5"]
[Site "chess.com INT"]
[Date "2021.06.04"]
[Round "5"]
[White "Dauletova, Gulmira"]
[Black "Kiran, Manisha Mohanty"]
[Result "1-0"]
[WhiteTitle "WGM"]
[BlackTitle "WGM"]
[WhiteElo "2257"]
[BlackElo "2168"]
[WhiteFideId "13702971"]
[BlackFideId "5019575"]
[EventDate "2021.06.04"]

1. e4 c5 2. Nf3 d6 3. d4 cxd4 4. Qxd4 a6 5. c4 Nc6 6. Qe3 g6 7. Nc3 Bg7 8. Be2
Nf6 9. h3 O-O 10. O-O Be6 11. Rb1 Rc8 12. b3 Nd7 13. Bb2 Nde5 14. Nxe5 dxe5 15.
Nd5 Nd4 16. Bd3 b5 17. Qd2 bxc4 18. Bxc4 Bxd5 19. exd5 Kh8 20. Bxd4 exd4 21.
Bxa6 Qxd5 22. Bxc8 Rxc8 23. b4 e5 24. b5 e4 25. b6 Be5 26. Rfc1 Rd8 27. b7 Bb8
28. Rc8 Kg7 29. Rxd8 Qxd8 30. Rb4 d3 31. Rxe4 Qd6 32. g3 Qd5 33. Re3 Qxb7 34.
Rxd3 Ba7 1-0

[Event "Women's Speed Chess Q5"]
[Site "chess.com INT"]
[Date "2021.06.04"]
[Round "5"]
[White "Pavlidou, Ekaterini"]
[Black "Nguyen, Hong Anh"]
[Result "1-0"]
[WhiteTitle "WIM"]
[BlackTitle "WIM"]
[WhiteElo "2157"]
[BlackElo "1993"]
[WhiteFideId "4213262"]
[BlackFideId "12406732"]
[EventDate "2021.06.04"]

1. d4 Nf6 2. c4 g6 3. Nc3 d5 4. cxd5 Nxd5 5. e4 Nxc3 6. bxc3 Bg7 7. Bc4 c5 8.
Ne2 O-O 9. O-O Nc6 10. Be3 Qc7 11. Qc1 Rd8 12. Rd1 Na5 13. Bd3 c4 14. Bc2 b6 15.
Bf4 Qd7 16. h4 Qg4 17. f3 Qxh4 18. Bg5 Bh6 19. Bxh4 Bxc1 20. Raxc1 f6 21. e5 Kg7
22. f4 Bg4 23. Re1 Rab8 24. Ng3 Rd7 25. exf6+ exf6 26. Re3 b5 27. Ne4 Rf7 28.
Rce1 b4 29. Nd6 Rff8 30. cxb4 Rxb4 31. Re7+ Kh6 32. Rxa7 Nc6 33. Rc7 Nxd4 34.
Ree7 1-0

[Event "Women's Speed Chess Q5"]
[Site "chess.com INT"]
[Date "2021.06.04"]
[Round "5"]
[White "Paehtz, Elisabeth"]
[Black "Cori T., Deysi"]
[Result "1-0"]
[WhiteTitle "IM"]
[BlackTitle "WGM"]
[WhiteElo "2456"]
[BlackElo "2388"]
[WhiteFideId "4641833"]
[BlackFideId "3801934"]
[EventDate "2021.06.04"]

1. d4 Nf6 2. Nf3 e6 3. Bf4 c5 4. e3 Nc6 5. c3 Be7 6. Nbd2 O-O 7. Bd3 d5 8. Ne5
Qb6 9. Rb1 Rd8 10. O-O Bd7 11. Qf3 Be8 12. Qh3 g6 13. Bg5 Nd7 14. Bxe7 Nxe7 15.
Ng4 f5 16. Qh4 Qd6 17. Nf6+ Kg7 18. Nxh7 Bf7 19. Ng5 Rh8 20. Qg3 Qxg3 21. fxg3
Nf6 22. h3 Rh5 23. Ngf3 Nc6 24. Be2 Rhh8 25. dxc5 e5 26. b4 Nh5 27. Kf2 Raf8 28.
b5 Ne7 29. Nxe5 f4 30. exf4 Be8 31. Bxh5 Rxh5 32. Ndf3 g5 33. g4 Rh6 34. f5 Nxf5
35. gxf5 Rxf5 36. Rfe1 Re6 37. Ng4 Rxe1 38. Kxe1 Rf4 39. Rb4 1-0

[Event "Women's Speed Chess Q5"]
[Site "chess.com INT"]
[Date "2021.06.04"]
[Round "5"]
[White "Nguyen, Thi Thanh An"]
[Black "Grigoryan, Meri"]
[Result "0-1"]
[WhiteTitle "WGM"]
[BlackTitle "WFM"]
[WhiteElo "2259"]
[BlackElo "2044"]
[WhiteFideId "12400300"]
[BlackFideId "13300571"]
[EventDate "2021.06.04"]

1. d4 d5 2. Bf4 Nf6 3. e3 e6 4. Nf3 Bd6 5. Ne5 O-O 6. Nd2 c5 7. c3 Nc6 8. Bd3
Qc7 9. Ndf3 Ne4 10. O-O f6 11. Nxc6 Bxf4 12. exf4 bxc6 13. g3 cxd4 14. cxd4 Rb8
15. Qc2 f5 16. Rfc1 Bb7 17. Ne5 Rfc8 18. f3 Nf6 19. Qa4 Qb6 20. Rc2 c5 21. Rac1
c4 22. Be2 Qxd4+ 23. Kg2 Qb6 24. b3 Bc6 25. Nxc6 Qxc6 26. bxc4 Qxa4 0-1

[Event "Women's Speed Chess Q5"]
[Site "chess.com INT"]
[Date "2021.06.04"]
[Round "5"]
[White "Vantika, Agrawal"]
[Black "Dong, Khanh Linh"]
[Result "1-0"]
[WhiteTitle "WIM"]
[BlackTitle "WCM"]
[WhiteElo "2286"]
[BlackElo "1970"]
[WhiteFideId "25050389"]
[BlackFideId "12403040"]
[EventDate "2021.06.04"]

1. Nf3 Nf6 2. g3 b6 3. Bg2 Bb7 4. O-O c5 5. c4 Nc6 6. Nc3 e6 7. e4 d6 8. d4 cxd4
9. Nxd4 Nxd4 10. Qxd4 Be7 11. Rd1 O-O 12. b3 Ne8 13. Bb2 Bf6 14. Qd3 Qe7 15.
Rac1 Rd8 16. Rc2 g6 17. Rcd2 Bg7 18. Qe3 f5 19. exf5 Bxg2 20. Kxg2 Qb7+ 21. Qe4
Qxe4+ 22. Nxe4 Bxb2 23. Rxb2 gxf5 24. Ng5 Rf6 25. Rbd2 e5 26. Nf3 Rc8 27. Ne1
Kf7 28. Nc2 Ke7 29. Nb4 Nc7 30. Nc6+ Kd7 31. Nxe5+ Ke7 32. Nc6+ 1-0

[Event "Women's Speed Chess Q5"]
[Site "chess.com INT"]
[Date "2021.06.04"]
[Round "5"]
[White "Singgih, Diajeng Theresa"]
[Black "February, Jesse Nikki"]
[Result "1-0"]
[WhiteTitle "WFM"]
[BlackTitle "WIM"]
[WhiteElo "1972"]
[BlackElo "1863"]
[WhiteFideId "7104391"]
[BlackFideId "14312336"]
[EventDate "2021.06.04"]

1. e4 e6 2. d4 d5 3. exd5 exd5 4. Nf3 Bd6 5. Bd3 Bg4 6. O-O Nc6 7. c3 Qd7 8. h3
Bh5 9. Re1+ Nge7 10. b4 O-O-O 11. a4 f6 12. a5 Rde8 13. b5 Nd8 14. b6 Kb8 15.
bxa7+ Ka8 16. Na3 g5 17. Nb5 g4 18. hxg4 Bxg4 19. Ba3 Bxa3 20. Rxa3 Reg8 21. Be2
Bxf3 22. Bxf3 Nf5 23. a6 Nh4 24. axb7+ Nxb7 25. Rb3 Rxg2+ 26. Bxg2 Rg8 27. Qe2
Rxg2+ 28. Kf1 Rg8 29. Qe6 Qg7 30. Nxc7+ Kxa7 31. Qa6+ Kb8 32. Qa8+ Kxc7 33.
Rxb7+ Kd6 34. Qa6# 1-0

[Event "Women's Speed Chess Q5"]
[Site "chess.com INT"]
[Date "2021.06.04"]
[Round "5"]
[White "Sukandar, Irine Kharisma"]
[Black "Kabanova, Ekaterina"]
[Result "1-0"]
[WhiteTitle "IM"]
[BlackTitle "WFM"]
[WhiteElo "2413"]
[BlackElo "2138"]
[WhiteFideId "7101937"]
[BlackFideId "24112917"]
[EventDate "2021.06.04"]

1. d4 c5 2. c3 e6 3. e4 Qc7 4. Nf3 a6 5. Bd3 b5 6. O-O Bb7 7. a4 bxa4 8. Qxa4
Nf6 9. Re1 Be7 10. Bg5 h6 11. Bh4 Nh5 12. Bxe7 Kxe7 13. Nbd2 g5 14. dxc5 Qxc5
15. Nb3 Qc7 16. Na5 Bc8 17. Qd4 Rg8 18. e5 Nf4 19. Be4 Ra7 20. Ra4 Nc6 21. Bxc6
dxc6 22. Qxa7 Qxa7 23. Nxc6+ Kd7 24. Nxa7 Bb7 25. Rb4 Kc7 26. Rd1 Nd5 27. Rb3 g4
28. Nd4 Ra8 29. c4 Nf4 30. Rxb7+ Kxb7 31. Nac6 Rc8 32. g3 Nh3+ 33. Kf1 Rxc6 34.
Nxc6 Kxc6 35. Rd6+ Kc5 36. Rxa6 Kxc4 37. Ra4+ Kb3 38. Rxg4 Kxb2 39. f4 Kc3 1-0

[Event "Women's Speed Chess Q5"]
[Site "chess.com INT"]
[Date "2021.06.04"]
[Round "5"]
[White "Kotepalli, Sai Nirupama"]
[Black "Linares Napoles, Oleiny"]
[Result "1-0"]
[WhiteTitle "WFM"]
[BlackTitle "WGM"]
[WhiteElo "1914"]
[BlackElo "2255"]
[WhiteFideId "5039444"]
[BlackFideId "3504794"]
[EventDate "2021.06.04"]

1. e4 d6 2. d3 g6 3. Nf3 Bg7 4. g3 c5 5. Bg2 Nc6 6. c3 Nf6 7. O-O O-O 8. Qe2 e5
9. a3 h6 10. b4 a6 11. h3 Be6 12. Be3 cxb4 13. axb4 d5 14. Bc5 Re8 15. Na3 b6
16. Be3 dxe4 17. dxe4 Nxe4 18. Rfc1 f5 19. b5 axb5 20. Qxb5 Qc8 21. Nh4 g5 22.
Nxf5 Bxf5 23. Qd5+ Qe6 24. Bxe4 Bxe4 25. Qxe4 Na5 26. Nb5 Nc4 27. Rxa8 1-0

[Event "Women's Speed Chess Q5"]
[Site "chess.com INT"]
[Date "2021.06.04"]
[Round "5"]
[White "Batsiashvili, Nino"]
[Black "Arpita, Mukherjee"]
[Result "1-0"]
[WhiteTitle "GM"]
[BlackTitle "WIM"]
[WhiteElo "2491"]
[BlackElo "2206"]
[WhiteFideId "13602993"]
[BlackFideId "5056403"]
[EventDate "2021.06.04"]

1. c4 e5 2. Nc3 Nf6 3. Nf3 Nc6 4. e4 Bb4 5. d3 d6 6. a3 Bxc3+ 7. bxc3 O-O 8. g3
Bg4 9. Bg2 Qd7 10. O-O Bh3 11. Nh4 Bxg2 12. Kxg2 Ne7 13. f4 exf4 14. Bxf4 Ng6
15. Nf5 Nxf4+ 16. Rxf4 g6 17. Ne3 Kg7 18. Qf3 Ng8 19. Rf1 h5 20. g4 hxg4 21.
Rxg4 Rfe8 22. h4 Re5 23. Nf5+ Kf8 24. Ng3 Nh6 25. Rxg6 Ng8 26. d4 Re6 27. h5
Rae8 28. Qg4 Ne7 29. Rxe6 1-0

[Event "Women's Speed Chess Q5"]
[Site "chess.com INT"]
[Date "2021.06.04"]
[Round "5"]
[White "Tomilova, Elena"]
[Black "Yu, Jennifer"]
[Result "1/2-1/2"]
[WhiteTitle "WGM"]
[BlackTitle "FM"]
[WhiteElo "2353"]
[BlackElo "2316"]
[WhiteFideId "4162340"]
[BlackFideId "2078341"]
[EventDate "2021.06.04"]

1. c4 e5 2. g3 Nf6 3. Bg2 d5 4. cxd5 Nxd5 5. Nf3 Nc6 6. O-O Be7 7. d4 exd4 8.
Nxd4 O-O 9. Nxc6 bxc6 10. Qa4 Bd7 11. Rd1 Qc8 12. e4 Nb6 13. Qc2 c5 14. Nc3 Bh3
15. Be3 Bd6 16. Nb5 Bxg2 17. Kxg2 Qe6 18. b3 a6 19. Na3 Rfe8 20. Rac1 Qxe4+ 21.
Qxe4 Rxe4 22. Bxc5 Bxc5 23. Rxc5 Re2 24. Nc2 Re7 25. Ne3 g6 26. Rdc1 Rc8 27. Rc6
Rd8 28. Rxc7 Rxc7 29. Rxc7 a5 30. Ra7 a4 31. bxa4 Rd2 32. a5 Na4 33. a3 Rd3 34.
Nc4 Rc3 35. Rc7 Nb2 36. Rc8+ Kg7 37. Nb6 Rxa3 38. Ra8 Nd3 39. a6 Nb4 40. a7 Nc6
41. Nc8 Kf6 42. Rb8 Nxa7 43. Ra8 Nb5 44. Rxa3 Nxa3 45. h4 1/2-1/2

[Event "Women's Speed Chess Q5"]
[Site "chess.com INT"]
[Date "2021.06.04"]
[Round "5"]
[White "Babiy, Olga"]
[Black "Pandey, Srishti"]
[Result "0-1"]
[WhiteTitle "WGM"]
[BlackTitle "WFM"]
[WhiteElo "2280"]
[BlackElo "2026"]
[WhiteFideId "14117258"]
[BlackFideId "35093290"]
[EventDate "2021.06.04"]

1. d4 Nf6 2. Nf3 e6 3. Bf4 d5 4. e3 Bd6 5. Bg3 O-O 6. Nbd2 b6 7. c3 Bb7 8. Bd3
c5 9. Ne5 Ne4 10. Qh5 f5 11. Ndf3 cxd4 12. exd4 Nd7 13. Bxe4 Nf6 14. Qh3 dxe4
15. Ng5 Qe8 16. Nc4 Bxg3 17. hxg3 h6 18. Nd6 Qd7 19. Nxe6 Qxe6 20. Nxf5 Nh7 21.
g4 Ng5 22. Qe3 Bd5 23. b3 b5 24. O-O-O Rfc8 25. Kb2 a5 26. f4 Nf7 27. Rh5 a4 28.
Ne7+ Qxe7 29. Rxd5 axb3 30. axb3 Qa3+ 31. Kc2 Qa2+ 32. Kc1 Qa1+ 33. Kd2 Qb2+ 34.
Ke1 Rxc3 35. Qxe4 Qxb3 36. Rd7 Re3+ 0-1

[Event "Women's Speed Chess Q5"]
[Site "chess.com INT"]
[Date "2021.06.04"]
[Round "5"]
[White "Tarasova, Viktoriya"]
[Black "Farhat Willemstein, Stela Souza"]
[Result "1/2-1/2"]
[WhiteTitle "WIM"]
[BlackTitle "WFM"]
[WhiteElo "2226"]
[BlackElo "1758"]
[WhiteFideId "4175840"]
[BlackFideId "2109808"]
[EventDate "2021.06.04"]

1. d4 Nf6 2. c4 c5 3. d5 b5 4. cxb5 a6 5. bxa6 Bxa6 6. Nc3 d6 7. Nf3 g6 8. e4
Bxf1 9. Kxf1 Nbd7 10. g3 Bg7 11. Kg2 O-O 12. a4 Qa5 13. Bd2 Qb6 14. Qc2 e6 15.
dxe6 fxe6 16. Ng5 d5 17. exd5 exd5 18. Rhe1 Rae8 19. Rxe8 Rxe8 20. Re1 Rxe1 21.
Bxe1 Qc6 22. f3 h6 23. Nh3 d4 24. Nd1 g5 25. Qc4+ Kh8 26. Qb5 Qd5 27. Nhf2 Ne5
28. Qe2 g4 29. Qa6 Nxf3 30. Qc8+ Kh7 31. Kf1 Nxh2+ 32. Ke2 Nf3 33. Ba5 Qc4+ 34.
Nd3 Ng1+ 35. Kf1 Qxd3+ 36. Kxg1 Qxd1+ 37. Kh2 Qe2+ 38. Kg1 Qe1+ 39. Kg2 Qe2+ 40.
Kg1 Ne4 41. Qf5+ Kg8 42. Qe6+ Kh8 43. Qc8+ Kh7 44. Qf5+ Kg8 45. Qe6+ Kf8 46.
Qc8+ Kf7 47. Qf5+ Kg8 1/2-1/2

[Event "Women's Speed Chess Q5"]
[Site "chess.com INT"]
[Date "2021.06.04"]
[Round "5"]
[White "Padmini, Rout"]
[Black "Nurmanova, Alua"]
[Result "1-0"]
[WhiteTitle "IM"]
[BlackTitle "WFM"]
[WhiteElo "2370"]
[BlackElo "2093"]
[WhiteFideId "5029295"]
[BlackFideId "13729390"]
[EventDate "2021.06.04"]

1. e4 c5 2. Nf3 d6 3. c3 Nf6 4. Be2 Nbd7 5. d3 e6 6. O-O Be7 7. Nbd2 O-O 8. d4
cxd4 9. cxd4 d5 10. e5 Ne4 11. Bd3 f5 12. exf6 Ndxf6 13. Ne5 Nxd2 14. Bxd2 Qb6
15. Bc3 Bd7 16. Nxd7 Nxd7 17. Qe2 Rae8 18. Rae1 Bf6 19. Qh5 g6 20. Qg4 Bg7 21.
Re2 Nf6 22. Qh4 Nh5 23. g3 Rf3 24. Bc2 Ref8 25. Rfe1 e5 26. Bb3 exd4 27. Bxd5+
Kh8 28. Bxf3 dxc3 29. Be4 Bd4 30. Qe7 Bxf2+ 31. Kg2 Bc5 32. Qe5+ Ng7 33. bxc3
Re8 34. Qd5 Rd8 35. Qc4 Qd6 36. Bxb7 Bb6 37. Be4 h6 38. Qf7 Kh7 39. Rf1 Rd7 40.
Bxg6+ Qxg6 41. Qxd7 Qh5 42. Re7 Qg5 43. Rff7 1-0

[Event "Women's Speed Chess Q5"]
[Site "chess.com INT"]
[Date "2021.06.04"]
[Round "5"]
[White "Starosta, Martyna"]
[Black "Varney, Zoe"]
[Result "1-0"]
[WhiteTitle "WCM"]
[BlackTitle "WCM"]
[WhiteElo "1910"]
[BlackElo "1917"]
[WhiteFideId "21818754"]
[BlackFideId "436135"]
[EventDate "2021.06.04"]

1. e4 e5 2. Nf3 Nc6 3. Bb5 a6 4. Ba4 Nf6 5. O-O b5 6. Bb3 Be7 7. Re1 O-O 8. a4
Bb7 9. c3 d6 10. d4 Nd7 11. Nbd2 exd4 12. cxd4 Bf6 13. Nf1 Re8 14. Ng3 h6 15.
Nf5 Ne7 16. Nxh6+ gxh6 17. Bxh6 Ng6 18. Qd3 Ndf8 19. Rac1 Qd7 20. axb5 axb5 21.
h4 Kh7 22. Bg5 Qe7 23. Bxf6 Qxf6 24. Rxc7 Rab8 25. Ng5+ Kg8 26. Bxf7+ Kh8 27.
Bxe8 Rxe8 28. Rxb7 Ne7 29. e5 dxe5 30. Rxe5 Nfg6 31. Re6 Qf7 32. Nxf7+ 1-0

[Event "Women's Speed Chess Q5"]
[Site "chess.com INT"]
[Date "2021.06.04"]
[Round "5"]
[White "Purtseladze, Maka"]
[Black "Klinova, Masha"]
[Result "1-0"]
[WhiteTitle "IM"]
[BlackTitle "IM"]
[WhiteElo "2274"]
[BlackElo "2275"]
[WhiteFideId "13602659"]
[BlackFideId "2802015"]
[EventDate "2021.06.04"]

1. d4 d6 2. Nf3 g6 3. b3 Bg7 4. Bb2 Nf6 5. Nbd2 O-O 6. e4 c6 7. Bd3 a5 8. a3 Bg4
9. h3 Bxf3 10. Nxf3 d5 11. e5 Ne4 12. Bxe4 dxe4 13. Ng5 c5 14. d5 e6 15. Nxe4
exd5 16. Nxc5 Nc6 17. O-O Nxe5 18. Bd4 b6 19. Na4 Rb8 20. Re1 Re8 21. Nc3 Rc8
22. Qd2 Qh4 23. Rad1 Qh5 24. Bxe5 Rxe5 25. Rxe5 Qxe5 26. Nxd5 Rb8 27. c4 h5 28.
Re1 Qd6 29. Ne7+ Kh7 30. Qxd6 1-0

[Event "Women's Speed Chess Q5"]
[Site "chess.com INT"]
[Date "2021.06.04"]
[Round "5"]
[White "Sedina, Elena"]
[Black "Bivol, Alina"]
[Result "0-1"]
[WhiteTitle "IM"]
[BlackTitle "WGM"]
[WhiteElo "2294"]
[BlackElo "2374"]
[WhiteFideId "812153"]
[BlackFideId "4100123"]
[EventDate "2021.06.04"]

1. e4 e6 2. d4 d5 3. e5 c5 4. c3 Nc6 5. Nf3 Bd7 6. Be2 a6 7. O-O Rc8 8. a3 cxd4
9. cxd4 Nge7 10. Nc3 Ng6 11. g3 Be7 12. h4 O-O 13. h5 Nh8 14. Bf4 f6 15. exf6
Bxf6 16. Re1 Nf7 17. Bf1 Ng5 18. Nxg5 Bxg5 19. Bd6 Be7 20. Bxe7 Qxe7 21. Nxd5
Qd6 22. Nb6 Rcd8 23. Nxd7 Rxd7 24. d5 exd5 25. Bh3 Rdd8 26. Re6 Qc5 27. Qf1 Nd4
28. Re3 Nf3+ 29. Kg2 Ng5 30. Rc3 Qb6 31. Re1 Nxh3 32. Kxh3 Rxf2 33. Qd3 Qxb2 34.
Rc7 Rh2+ 35. Kg4 Rd2 36. Qe3 Rd4+ 37. Kh3 Re4 0-1

[Event "Women's Speed Chess Q5"]
[Site "chess.com INT"]
[Date "2021.06.04"]
[Round "5"]
[White "Kanyamarala, Trisha"]
[Black "Gaponenko, Inna"]
[Result "0-1"]
[WhiteTitle "WIM"]
[BlackTitle "IM"]
[WhiteElo "2180"]
[BlackElo "2357"]
[WhiteFideId "45004722"]
[BlackFideId "14101181"]
[EventDate "2021.06.04"]

1. d4 g6 2. c4 Bg7 3. Nc3 c5 4. d5 Bxc3+ 5. bxc3 f5 6. Nf3 d6 7. g3 Qa5 8. Qc2
Nf6 9. Bg2 Nbd7 10. O-O Nb6 11. Qd3 Bd7 12. Nd2 O-O-O 13. Nb3 Qa4 14. Nd2 e5 15.
dxe6 Bxe6 16. Qf3 d5 17. Qe3 Qc6 18. Qe5 Rhf8 19. cxd5 Bxd5 20. Bh3 Rfe8 21. Qf4
Ne4 22. Nxe4 Rxe4 23. Qh6 Rxe2 24. Bg5 Rde8 25. Qxh7 Nc4 26. Rad1 Ne5 27. Rxd5
Qxd5 28. Bf4 Nf3+ 29. Kg2 Ng5+ 30. Kg1 Nxh7 0-1

[Event "Women's Speed Chess Q5"]
[Site "chess.com INT"]
[Date "2021.06.04"]
[Round "5"]
[White "Sviridova, Vlada"]
[Black "Ziegenfuss, Antonia"]
[Result "0-1"]
[WhiteTitle "WFM"]
[BlackTitle "WFM"]
[WhiteElo "2144"]
[BlackElo "2157"]
[WhiteFideId "24109606"]
[BlackFideId "12962554"]
[EventDate "2021.06.04"]

1. d4 Nf6 2. c4 e6 3. Nf3 d5 4. Nc3 dxc4 5. e4 Bb4 6. Bg5 b5 7. a4 c5 8. axb5
cxd4 9. Nxd4 h6 10. Bxf6 Qxf6 11. Bxc4 O-O 12. Ne2 Bb7 13. O-O Rd8 14. Qb3 Bc5
15. Na4 Nd7 16. Ng3 g6 17. Rac1 Rac8 18. Be2 Bxf2+ 19. Kh1 Rxc1 20. Rxc1 Qe5 21.
Nf1 Bxe4 22. Bf3 Nf6 23. Rd1 Rxd1 24. Qxd1 Bxf3 25. Qxf3 Qe1 26. Qd3 Ne4 27. g3
Bb6 0-1